<Die> Aussenpolitik der Tschechoslowakei zur Zeit der Regierung der nationalen Verständigung
Salvato in:
| Autore principale: | |
|---|---|
| Natura: | Libro |
| Lingua: | tedesco |
| Pubblicazione: |
Baden-Baden
Nomos
1992
|
| Edizione: | 1. Aufl. |
| Serie: | Schriftenreihe des Bundesinstituts dür ostwissenschaftliche und internationale Studien, Köln
Bd.22 |
| Soggetti: | |
| Tags: |
Nessun Tag, puoi essere il primo ad aggiungerne!!
|
MARC
| LEADER | 00000nam a2200000 4500 | ||
|---|---|---|---|
| 001 | c010972 | ||
| 005 | 20221221080024.0 | ||
| 020 | |a 3-7890-2537-2 | ||
| 041 | 0 | |a ger | |
| 044 | |a DE | ||
| 245 | 1 | 0 | |a <Die> Aussenpolitik der Tschechoslowakei zur Zeit der Regierung der nationalen Verständigung |c Radko Břach |
| 250 | |a 1. Aufl. | ||
| 264 | 1 | |a Baden-Baden |b Nomos |c 1992 | |
| 300 | |a 177 s. | ||
| 490 | 1 | |a Schriftenreihe des Bundesinstituts dür ostwissenschaftliche und internationale Studien, Köln |v Bd.22 | |
| 830 | 0 | |a Schriftenreihe des Bundesinstituts dür ostwissenschaftliche und internationale Studien, Köln |v Bd.22 | |
| 610 | 2 | 0 | |a politika zahraničná |
| 610 | 2 | 0 | |a Európa |
| 610 | 2 | 0 | |a história |
| 610 | 2 | 0 | |a ČSSR |
| 100 | 1 | |a Břach, Radko | |